Solaya o los circasianos. Tragedia inédita

محفوظ في:
التفاصيل البيبلوغرافية
المؤلف الرئيسي: Cadalso y Vázquez de Andrade, José
التنسيق: كتاب
اللغة:Undetermined
منشور في: Madrid, España Astalia 1982
الموضوعات:
الوسوم: إضافة وسم
لا توجد وسوم, كن أول من يضع وسما على هذه التسجيلة!

MARC

LEADER 00000nam a2200000Ia 4500
008 170316s9999 xx 000 0 und d
040 |a cru BVZT 
090 |a 862 C-2s 
100 |a Cadalso y Vázquez de Andrade, José 
245 |a Solaya o los circasianos. Tragedia inédita 
260 |a Madrid, España 
260 |b Astalia 
260 |c 1982 
300 |a 129 páginas 
650 |a LITERATURA ESPAÑOLA 
650 |a TEATRO 
999 |c 9651  |d 9651 
942 |c 15 D  |h 862 C-2s  |2 z